Detalles MARC
| 000 -LEADER |
| fixed length control field |
01023nam a22002657a 4500 |
| 001 - CONTROL NUMBER |
| control field |
00139 |
| 003 - CONTROL NUMBER IDENTIFIER |
| control field |
DO-SdBNP |
| 005 - DATE AND TIME OF LATEST TRANSACTION |
| control field |
20160617151902.0 |
| 007 - PHYSICAL DESCRIPTION FIXED FIELD--GENERAL INFORMATION |
| fixed length control field |
00139 |
| 008 - FIXED-LENGTH DATA ELEMENTS--GENERAL INFORMATION |
| fixed length control field |
160404b 2001 g ||||| |||| 00| 0 spa d |
| 020 ## - INTERNATIONAL STANDARD BOOK NUMBER |
| International Standard Book Number |
|
| 040 ## - CATALOGING SOURCE |
| Original cataloging agency |
BPMSU |
| Language of cataloging |
spa |
| Transcribing agency |
BPMSU |
| 092 ## - LOCALLY ASSIGNED DEWEY CALL NUMBER (OCLC) |
| Classification number |
R615.1 |
| Item number |
V123f |
| 245 ## - TITLE STATEMENT |
| Title |
Vademécum farmacéutico Edifarm 2001 |
| 250 ## - EDITION STATEMENT |
| Edition statement |
6ta. ed |
| 260 ## - PUBLICATION, DISTRIBUTION, ETC. (IMPRINT) |
| Place of publication, distribution, etc. |
Guatemala : |
| Name of publisher, distributor, etc. |
Edifarm: |
| Date of publication, distribution, etc. |
1998. |
| 300 ## - PHYSICAL DESCRIPTION |
| Extent |
572 p. : |
| Other physical details |
il., |
| Dimensions |
30 cm. |
| 500 ## - GENERAL NOTE |
| General note |
Centroamérica, Panamá y República Dominicana |
| 505 ## - FORMATTED CONTENTS NOTE |
| Title |
Directorio de laborios -- |
| -- |
Índice de principios activos -- |
| -- |
Clasificación farcológica por aparatos y sistemas - |
| -- |
Sección identificación de productos -- |
| -- |
Diccionario de productos -- |
| -- |
Índice general de productos -- |
| Field link and sequence number |
Novedades científicas y recordatorio práctico -- |
| Title |
Interacciones medicamentosas -- |
| 650 ## - SUBJECT ADDED ENTRY--TOPICAL TERM |
| Topical term or geographic name as entry element |
FARMACOLOGÍA |
| Form subdivision |
MANUALES |
| 650 ## - SUBJECT ADDED ENTRY--TOPICAL TERM |
| Topical term or geographic name as entry element |
MEDICAMENTOS |
| Form subdivision |
MANUALES |
| 710 ## - ADDED ENTRY--CORPORATE NAME |
| Corporate name or jurisdiction name as entry element |
Edifarm Internacional |
| 942 ## - ADDED ENTRY ELEMENTS (KOHA) |
| Source of classification or shelving scheme |
Dewey Decimal Classification |
| Koha item type |
Libros |
| 956 ## - LOCAL ELECTRONIC LOCATION AND ACCESS (OCLC) |
| Host name |
VMATEO |
| Access number |
10 |
| Compression information |
20160617 |
| Path |
BPMSU |
| Electronic name |
0069 |